| 000 | 00432nam a2200109Ia 4500 | ||
|---|---|---|---|
| 008 | 150610s9999 xx 000 0 und d | ||
| 020 | _a9781603201728 | ||
| 050 |
_aQ180.55 _b.D57 O54 2011 |
||
| 245 |
_a100 new scientific discoveries : _bfascinating, unbelievable and mind-expanding stories / _c[editor, Jeffrey Kluger]. |
||
| 260 |
_aNew York, N.Y. : _bTIME Books, _c2011. |
||
| 300 |
_a112pages : _bill. (chiefly color) _c29 cm. |
||
| 999 |
_c288252 _d288252 |
||